000 00470nam a22001697a 4500
003 OSt
005 20221005153345.0
008 221005b |||||||| |||| 00| 0 eng d
020 _a2-84426-105-1
040 _cBiblioteca Lado V
082 _a708
_bC397r
110 _958
_aCentre Pompeu
_eautor
245 _aLa revolution surrealiste/
260 _aParis
_bEditions Gallimard
_c2002
300 _a448p.
_c24x30cm
942 _2ddc
_c1
_h708
_iC397r
_n0
999 _c2170
_d2170